[Event "StL-B-West 2002/03"]
[Site "Hohenems"]
[Date "2003.01.31"]
[Round "7"]
[Board "3"]
[White "Kroell, Johannes"]
[Black "Deglmann, Ludwig"]
[Result "1/2-1/2"]
[WhiteElo "2123"]
[BlackElo "2269"]
[PlyCount "87"]

1.Nc3 e6 2.e4 d5 3.f4 Nf6 4.e5 Nfd7 5.Nce2 c5 6.c3 Nc6 7.d4 b5 8.Nf3 Qb6 9.g3 b4
10.Bh3 bxc3 11.bxc3 cxd4 12.cxd4 Bb4+ 13.Kf2 O-O 14.Be3 Ba6 15.a3 Be7 16.Nc3
Qb2+ 17.Qd2 Qxd2+ 18.Nxd2 Nb6 19.Bf1 Bxf1 20.Rhxf1 Na5 21.Ra2 Rfc8 22.Ndb1 h5
23.Ke2 g6 24.Kd3 Rab8 25.h3 Nbc4 26.Bc1 Rb3 27.g4 hxg4 28.hxg4 Bxa3 29.Rh2 Rc6
30.Rfh1 Kf8 31.Rh8+ Ke7 32.f5 exf5 33.Bg5+ Ke6 34.Re8+ Kd7 35.Rd8+ Kc7 36.Rxd5
Bb4 37.Bd8+ Kb7 38.Rh7 Bxc3 39.Rxf7+ Ka6 40.Nxc3 Nb7 41.Rf6 Nb2+ 42.Kc2 Rbxc3+
43.Kxb2 Rc2+ 44.Kb3

[Event "StL-B-West 2002/03"]
[Site "Hohenems"]
[Date "2003.01.31"]
[Round "7"]
[Board "4"]
[White "Hoellrigl, Wilfried"]
[Black "Schiestl, Josef"]
[Result "1/2-1/2"]
[WhiteElo "2219"]
[BlackElo "2170"]
[PlyCount "67"]

1.e4 g6 2.d4 Bg7 3.Nc3 c6 4.Bc4 d6 5.Qf3 e6 6.Nge2 Nd7 7.O-O Ngf6 8.Bb3 O-O
9.Bg5 Qa5 10.Bh4 e5 11.Rad1 Qc7 12.h3 b6 13.Qe3 Ba6 14.Rfe1 Rae8 15.dxe5 dxe5
16.Qd2 Nc5 17.Bxf6 Bxf6 18.Qd6 Qxd6 19.Rxd6 Be7 20.Rd2 Rd8 21.Red1 Rxd2 22.Rxd2
Rd8 23.Rxd8+ Bxd8 24.f3 Be7 25.Kf2 Nxb3 26.axb3 Bc5+ 27.Ke1 f6 28.Kd2 Kf7 29.Na2
Ke6 30.c4 Bf8 31.Kd3 Bc8 32.Nac3 h5 33.g4 Kf7 34.Nd1

[Event "StL-B-West 2002/03"]
[Site "Hohenems"]
[Date "2003.01.31"]
[Round "7"]
[Board "1"]
[White "Kuemin, Simon"]
[Black "Grundherr, Martin"]
[Result "1-0"]
[WhiteElo "2324"]
[BlackElo "2343"]
[PlyCount "71"]

1.d4 d5 2.c4 c6 3.Nf3 Nf6 4.e3 Bg4 5.Nc3 e6 6.h3 Bxf3 7.Qxf3 Nbd7 8.Bd3 Bb4
9.O-O O-O 10.Qd1 dxc4 11.Bxc4 c5 12.a3 cxd4 13.axb4 dxc3 14.bxc3 Qc7 15.Qb3 Rfc8
16.Be2 Qxc3 17.Qxc3 Rxc3 18.Bf3 Nd5 19.Rd1 N7f6 20.e4 Nc7 21.Bb2 Rc4 22.Rac1
Rxc1 23.Rxc1 Nfe8 24.Rd1 a5 25.bxa5 Rxa5 26.Rd7 Rb5 27.Ba3 Rb1+ 28.Kh2 b5 29.Bc5
Rc1 30.Be7 Rc4 31.e5 f6 32.Bd6 fxe5 33.Bxe5 Kf8 34.Bh5 b4 35.f4 Nf6 36.Bd6+

[Event "StL-B-West 2002/03"]
[Site "Hohenems"]
[Date "2003.01.31"]
[Round "7"]
[Board "2"]
[White "Bertagnolli, Alexander"]
[Black "Riemelmoser, Franz"]
[Result "1-0"]
[WhiteElo "2294"]
[BlackElo "2320"]
[PlyCount "113"]

1.c4 e6 2.Nf3 d5 3.d4 Nf6 4.Bf4 Be7 5.Nc3 O-O 6.e3 c5 7.dxc5 Bxc5 8.cxd5 Nxd5
9.Nxd5 exd5 10.Bd3 Bb4+ 11.Kf1 Be7 12.h4 h6 13.Rc1 Qb6 14.Bb1 Qxb2 15.Be5 Qa3
16.h5 Nc6 17.Qc2 f5 18.Bb2 Qa6+ 19.Kg1 Be6 20.Rh3 Rac8 21.Rg3 Bf6 22.Bxf6 Rxf6
23.Qb2 Rcf8 24.Nd4 Nxd4 25.exd4 f4 26.Ra3 Qd6 27.Rxa7 f3 28.g3 Bc8 29.Rxc8 Rxc8
30.Qxb7 Qf8 31.Qxd5+ Kh8 32.Qe4 Rc1+ 33.Kh2 Rxb1 34.Qxb1 Qe8 35.g4 Rf8 36.Qb7
Rg8 37.Ra3 Qd8 38.Qxf3 Rf8 39.Qg3 Qxd4 40.Rf3 Ra8 41.a3 Qc5 42.Rc3 Qe7 43.Re3
Qc5 44.Rb3 Kh7 45.Qe3 Qc7+ 46.Kg2 Rf8 47.Qe4+ Kh8 48.Re3 Qd6 49.a4 Rf4 50.Qa8+
Kh7 51.Re8 Rxg4+ 52.Kh3 Rh4+ 53.Kxh4 Qh2+ 54.Kg4 Qg1+ 55.Kh3 Qf1+ 56.Kg3 Qd3+
57.Kg2

[Event "StL-B-West 2002/03"]
[Site "Hohenems"]
[Date "2003.01.31"]
[Round "7"]
[Board "3"]
[White "Scheffknecht, Philipp"]
[Black "Astl, Peter"]
[Result "1/2-1/2"]
[WhiteElo "2183"]
[BlackElo "2280"]
[PlyCount "107"]

1.d4 d5 2.Nf3 Nf6 3.c4 e6 4.Nc3 a6 5.e3 dxc4 6.Bxc4 b5 7.Bd3 c5 8.O-O c4 9.Bc2
Bb7 10.Ne5 Be7 11.a4 b4 12.Ne2 a5 13.Ng3 Qc7 14.f4 Nbd7 15.Bd2 h5 16.h3 h4
17.Nh1 Ne4 18.Bxe4 Bxe4 19.Nf2 Bb7 20.Rc1 Nxe5 21.fxe5 Rh6 22.e4 Rg6 23.Qc2 Ba6
24.Bf4 Qd8 25.Rfd1 Bg5 26.Qd2 Bxf4 27.Qxf4 Qg5 28.Qxg5 Rxg5 29.Ng4 Ke7 30.Kf2 f5
31.exf6+ gxf6 32.Ne3 Rc8 33.Rd2 Bb7 34.d5 exd5 35.exd5 c3 36.bxc3 bxc3 37.Rd3
Kd6 38.Rdxc3 Rxc3 39.Rxc3 Bxd5 40.Rd3 Kc5 41.Rxd5+ Rxd5 42.Nxd5 Kxd5 43.Kf3 f5
44.Kf4 Kc4 45.g4 hxg3 46.Kxg3 Kd5 47.Kf4 Ke6 48.h4 Kf6 49.h5 Kg7 50.Kxf5 Kh6
51.Ke6 Kxh5 52.Kd6 Kg6 53.Kc6 Kf7 54.Kb6

[Event "StL-B-West 2002/03"]
[Site "Hohenems"]
[Date "2003.01.31"]
[Round "7"]
[Board "4"]
[White "Mittelberger, Peter"]
[Black "Schmidlechner, Alexander"]
[Result "1/2-1/2"]
[WhiteElo "2259"]
[BlackElo "2254"]
[PlyCount "28"]

1.e4 c5 2.Nf3 a6 3.d4 cxd4 4.Nxd4 Nf6 5.Nc3 e5 6.Nf3 d6 7.Bc4 Be7 8.h3 O-O 9.O-O
b5 10.Bb3 Bb7 11.Re1 Nbd7 12.Bg5 Rc8 13.Bxf6 Nxf6 14.Qd3 b4

[Event "StL-B-West 2002/03"]
[Site "Hohenems"]
[Date "2003.01.31"]
[Round "7"]
[Board "5"]
[White "Kranz, Armin"]
[Black "Eybl, Alexander"]
[Result "0-1"]
[WhiteElo "2153"]
[BlackElo "2233"]
[PlyCount "88"]

1.d4 d5 2.Nf3 c6 3.c4 e6 4.e3 Bd6 5.Qc2 Nf6 6.Nc3 Nbd7 7.b3 O-O 8.Be2 dxc4
9.bxc4 e5 10.O-O Re8 11.Ng5 exd4 12.exd4 h6 13.Nf3 Nf8 14.Bb2 Ng6 15.Rfe1 Qa5
16.c5 Bf8 17.Bc4 Rxe1+ 18.Rxe1 Nf4 19.Qb3 Qc7 20.Ne5 Be6 21.Ne4 Nxe4 22.Bxe6
Nxe6 23.Rxe4 Bxc5 24.Nxf7 Qxf7 25.Rxe6 Rf8 26.Qe3 Bb6 27.g3 Qf5 28.Kg2 Qd5+
29.Kh3 Rxf2 30.Re8+ Rf8 31.Re5 Qxa2 32.Ba3 Rd8 33.Re8+ Rxe8 34.Qxe8+ Kh7 35.Qe4+
Kh8 36.Qe7 Qd5 37.Bc5 Bxc5 38.dxc5 Qh5+ 39.Kg2 Qd5+ 40.Kh3 b6 41.Qxa7 Qh5+
42.Kg2 Qxc5 43.Qa8+ Kh7 44.Qe8 Qd5+

[Event "StL-B-West 2002/03"]
[Site "Hohenems"]
[Date "2003.01.31"]
[Round "7"]
[Board "6"]
[White "Neuschmied, Siegfried"]
[Black "Wallis, Toni"]
[Result "1-0"]
[WhiteElo "2185"]
[BlackElo "2137"]
[PlyCount "57"]

1.e4 c5 2.Nf3 e6 3.c4 a6 4.Nc3 Qc7 5.Be2 Nc6 6.O-O Nf6 7.d3 Be7 8.h3 O-O 9.Be3
b6 10.a3 Rd8 11.Bg5 Bb7 12.Rc1 Rac8 13.Re1 d6 14.Bf1 Ne5 15.Nd2 Ng6 16.b4 h6
17.Be3 d5 18.cxd5 exd5 19.exd5 cxb4 20.axb4 Qd6 21.Nc4 Qxb4 22.Bxb6 Rd7 23.Ba5
Qc5 24.d4 Qa7 25.Nb6 Rxc3 26.Rxc3 Rd6 27.Nc8 Bxc8 28.Rxc8+ Kh7 29.Rc7

[Event "StL-B-West 2002/03"]
[Site "Hohenems"]
[Date "2003.01.31"]
[Round "7"]
[Board "1"]
[White "Meissner, Bernd"]
[Black "Bezold, Michael"]
[Result "1/2-1/2"]
[WhiteElo "2382"]
[BlackElo "2468"]
[PlyCount "50"]

1.d4 g6 2.c4 Bg7 3.e4 d6 4.Nf3 e5 5.Nc3 exd4 6.Nxd4 Ne7 7.Be3 Nbc6 8.Be2 O-O
9.h4 f5 10.h5 f4 11.Nxc6 Nxc6 12.hxg6 hxg6 13.Bd2 Nd4 14.Rc1 c6 15.b3 Be5 16.Bf3
Qg5 17.Kf1 Be6 18.Ne2 Nxf3 19.gxf3 d5 20.cxd5 cxd5 21.Nc3 d4 22.Na4 Bd7 23.Rc5
Qe7 24.Bb4 Rf7 25.Rc8+ Rxc8

[Event "StL-B-West 2002/03"]
[Site "Hohenems"]
[Date "2003.01.31"]
[Round "7"]
[Board "2"]
[White "Atlas, Dmitry"]
[Black "Herbrechtsmeier, Christof"]
[Result "1/2-1/2"]
[WhiteElo "2258"]
[BlackElo "2334"]
[PlyCount "42"]

1.e4 c5 2.c3 d5 3.exd5 Qxd5 4.d4 g6 5.Be2 Bf5 6.Nf3 Bg7 7.dxc5 Qxd1+ 8.Bxd1 Nd7
9.Ba4 Rc8 10.O-O Ngf6 11.Nd4 Rxc5 12.Nxf5 Rxf5 13.Rd1 Ra5 14.Bc2 O-O 15.Nd2 Rc8
16.Ne4 Kf8 17.Nxf6 Nxf6 18.Bb3 Ke8 19.h3 e6 20.Bf4 Nd5 21.Bh2 Nb6

[Event "StL-B-West 2002/03"]
[Site "Hohenems"]
[Date "2003.01.31"]
[Round "7"]
[Board "3"]
[White "Kratochwil, Christian"]
[Black "Braun, Arik"]
[Result "0-1"]
[WhiteElo "2319"]
[BlackElo "2317"]
[PlyCount "46"]

1.c4 Nf6 2.Nf3 e6 3.g3 d5 4.b3 Be7 5.Bb2 O-O 6.Bg2 Nbd7 7.O-O c6 8.Qc2 b6 9.cxd5
cxd5 10.Rc1 Ba6 11.Nd4 Bc5 12.d3 Rc8 13.Qd2 e5 14.Nf5 g6 15.Ne3 d4 16.Nc2 b5
17.Ba3 Qb6 18.Bxc5 Rxc5 19.Nb4 Rxc1+ 20.Qxc1 Rc8 21.Qa3 Bb7 22.Bxb7 Qxb7 23.Nd2
a5

[Event "StL-B-West 2002/03"]
[Site "Hohenems"]
[Date "2003.01.31"]
[Round "7"]
[Board "4"]
[White "Burschowsky, Matthias"]
[Black "Lawitsch, Guenther"]
[Result "1-0"]
[WhiteElo "2169"]
[BlackElo "2257"]
[PlyCount "87"]

1.Nf3 d5 2.c4 c6 3.b3 Bg4 4.e3 Nd7 5.Be2 Bxf3 6.Bxf3 dxc4 7.bxc4 Ne5 8.Be2 Nd3+
9.Bxd3 Qxd3 10.Qe2 Qc2 11.Na3 Qa4 12.Qd1 Qxd1+ 13.Kxd1 O-O-O 14.Ke2 Nf6 15.d3 e5
16.Rd1 Nd7 17.Nb1 Nb6 18.a4 e4 19.dxe4 Rxd1 20.Kxd1 Nxc4 21.Nd2 Ne5 22.Ke2 Bb4
23.f4 Bxd2 24.Bxd2 Nd7 25.e5 b6 26.Bc3 Re8 27.g4 Re6 28.Kf3 a6 29.e4 g5 30.fxg5
Nxe5+ 31.Bxe5 Rxe5 32.Kf4 Re6 33.h4 c5 34.Rb1 Kc7 35.e5 Rc6 36.Ke4 Re6 37.h5 Kd7
38.Kd5 Ke7 39.Rc1 a5 40.Rf1 Ke8 41.g6 hxg6 42.h6 Kf8 43.h7 Kg7 44.Rxf7+

[Event "StL-B-West 2002/03"]
[Site "Hohenems"]
[Date "2003.01.31"]
[Round "7"]
[Board "5"]
[White "Hengl, Christian"]
[Black "Sandholzer, Robert"]
[Result "1-0"]
[WhiteElo "2206"]
[BlackElo "2138"]
[PlyCount "85"]

1.e4 c6 2.d4 d5 3.Nc3 dxe4 4.Nxe4 Bf5 5.Ng3 Bg6 6.h4 h6 7.Nf3 Nd7 8.h5 Bh7 9.Bd3
Bxd3 10.Qxd3 Qc7 11.Bd2 e6 12.O-O-O O-O-O 13.Ne4 Ngf6 14.g3 Nc5 15.Nxc5 Bxc5
16.Qe2 Bd6 17.c4 c5 18.Kb1 Kb8 19.dxc5 Qxc5 20.Be3 Qf5+ 21.Ka1 Ka8 22.Nd4 Qa5
23.Qf3 Be7 24.Bf4 Qc5 25.Nb5 e5 26.Be3 Qxc4 27.Nxa7 e4 28.Qf5 Rd5 29.Rxd5 Qxd5
30.Qh3 Rd8 31.Rc1 Qd7 32.Qxd7 Nxd7 33.a3 Bg5 34.Bxg5 hxg5 35.Nb5 Kb8 36.Nd6 Ne5
37.Nxe4 f6 38.f4 gxf4 39.gxf4 Nd3 40.Rd1 Kc7 41.f5 Ne5 42.Rg1 Rd7 43.Nc5

[Event "StL-B-West 2002/03"]
[Site "Hohenems"]
[Date "2003.01.31"]
[Round "7"]
[Board "1"]
[White "Umansky, Mikhail"]
[Black "Mathe, Gaspar"]
[Result "1-0"]
[WhiteElo "2415"]
[BlackElo "2363"]
[PlyCount "55"]

1.d4 d5 2.c4 e6 3.g3 Nf6 4.Bg2 Be7 5.Nf3 O-O 6.O-O Nbd7 7.Nc3 dxc4 8.e4 Nb6
9.Qc2 c5 10.dxc5 Bxc5 11.e5 Nfd5 12.Ng5 g6 13.Qe4 Nxc3 14.bxc3 f5 15.exf6 Qxf6
16.Qh4 Qe7 17.Bf4 Nd5 18.Bxd5 exd5 19.Rae1 Qg7 20.Be5 Qd7 21.Bd4 b5 22.Re5 Bxd4
23.Qxd4 Rf5 24.Re3 Ba6 25.Rfe1 Qd6 26.Re8+ Rxe8 27.Rxe8+ Rf8 28.Ne6

[Event "StL-B-West 2002/03"]
[Site "Hohenems"]
[Date "2003.01.31"]
[Round "7"]
[Board "2"]
[White "Ager, Josef"]
[Black "Klundt, Klaus"]
[Result "0-1"]
[WhiteElo "2223"]
[BlackElo "2385"]
[PlyCount "68"]

1.d4 Nf6 2.c4 g6 3.Nc3 Bg7 4.e4 O-O 5.Nf3 d6 6.Be2 e5 7.O-O Nc6 8.d5 Ne7 9.Ne1
Nd7 10.Be3 f5 11.f3 f4 12.Bf2 g5 13.c5 Nxc5 14.b4 Nd7 15.Rc1 a6 16.Qc2 Nf6 17.b5
Kh8 18.Na4 axb5 19.Bxb5 Bd7 20.Nc3 g4 21.a4 Rg8 22.Bxd7 Qxd7 23.Nb5 c6 24.dxc6
bxc6 25.Nc3 Bh6 26.Bb6 Rg6 27.Rd1 Rag8 28.Rf2 Bg5 29.Rfd2 Nc8 30.Bc5 Bh4 31.Kf1
Bxe1 32.Kxe1 gxf3 33.gxf3 Qh3 34.Bf2 Qxf3

[Event "StL-B-West 2002/03"]
[Site "Hohenems"]
[Date "2003.01.31"]
[Round "7"]
[Board "3"]
[White "Hager, Franz"]
[Black "Knechtel, Roland"]
[Result "0-1"]
[WhiteElo "2265"]
[BlackElo "2228"]
[PlyCount "80"]

1.Nf3 d5 2.c4 e6 3.d4 c6 4.g3 Nf6 5.Bg2 Nbd7 6.Nbd2 Be7 7.O-O O-O 8.Qc2 b6 9.e4
dxc4 10.Nxc4 Bb7 11.e5 Nd5 12.h4 h6 13.Qe4 c5 14.Qg4 Kh8 15.dxc5 Nxc5 16.Qh5 b5
17.Nd6 Bxd6 18.exd6 Ne4 19.Qe5 Nef6 20.Nd4 a6 21.Rd1 Kg8 22.a4 b4 23.a5 Qd7
24.Nb3 Rac8 25.Bd2 Rfd8 26.Bf1 Ne8 27.Bg2 Nxd6 28.Rac1 Qa4 29.Bxh6 gxh6 30.Rxc8
Nxc8 31.Rd3 Nce7 32.h5 Qc6 33.g4 Qc4 34.Qg3 Rc8 35.Rd4 Qe2 36.Be4 Kf8 37.g5 Qxh5
38.gxh6 Qxh6 39.Bg2 Nf5 40.Qe5 Nxd4

[Event "StL-B-West 2002/03"]
[Site "Hohenems"]
[Date "2003.01.31"]
[Round "7"]
[Board "4"]
[White "Spiesberger, Gerhard"]
[Black "Hinteregger, Arthur"]
[Result "0-1"]
[WhiteElo "2093"]
[BlackElo "2222"]
[PlyCount "78"]

1.e4 e6 2.Qe2 c5 3.g3 Nc6 4.Nf3 g6 5.Bg2 Bg7 6.O-O Nge7 7.d3 O-O 8.c3 d6 9.Be3
Rb8 10.Nh4 b5 11.f4 Qc7 12.a3 a5 13.Nd2 b4 14.Rfc1 bxc3 15.bxc3 Ba6 16.Qf1 f5
17.Rab1 a4 18.Qd1 Bxd3 19.Rxb8 Rxb8 20.Qxa4 Na5 21.exf5 Nxf5 22.Nxf5 gxf5 23.Bf1
Bxf1 24.Kxf1 Kf7 25.c4 Nc6 26.Rb1 Rxb1+ 27.Nxb1 Bd4 28.Bxd4 Nxd4 29.Nd2 Qb7
30.Kf2 Ke7 31.Qd1 Qb2 32.a4 Kd7 33.Kg2 Kc7 34.Kh3 Kb6 35.Nf3 Ka5 36.Nxd4 cxd4
37.Qe1+ Kxa4 38.Qxe6 d3 39.Qxd6 d2

[Event "StL-B-West 2002/03"]
[Site "Hohenems"]
[Date "2003.01.31"]
[Round "7"]
[Board "5"]
[White "Gottsmann, Herbert"]
[Black "Fruehauf, Norbert"]
[Result "0-1"]
[WhiteElo "2193"]
[BlackElo "2082"]
[PlyCount "71"]

1.e4 d5 2.Nc3 d4 3.Nce2 e5 4.Nf3 Nc6 5.Ng3 Be6 6.Bb5 f6 7.O-O Bc5 8.Ne1 Nge7
9.d3 O-O 10.f4 exf4 11.Nh5 g5 12.g3 Bh3 13.gxf4 Bxf1 14.Kxf1 Bd6 15.Kg1 Kh8
16.Bc4 Qd7 17.f5 Nd8 18.h4 h6 19.Qe2 Nec6 20.a3 Ne5 21.Ba2 Qe7 22.Nf3 Nxf3+
23.Qxf3 Qe5 24.Qg2 Nf7 25.Be6 Be7 26.b4 Qb5 27.a4 Qe8 28.hxg5 Nxg5 29.Qg4 Nxe6
30.Bxh6 Rg8 31.Ng7 Nxg7 32.Kf2 Nh5 33.Qf3 Rg3 34.Qe2 Qg8 35.Bg7+ Qxg7 36.Qxh5+

[Event "StL-B-West 2002/03"]
[Site "Hohenems"]
[Date "2003.02.01"]
[Round "8"]
[Board "1"]
[White "Hertneck, Gerald"]
[Black "Grundherr, Martin"]
[Result "1-0"]
[WhiteElo "2516"]
[BlackElo "2343"]
[PlyCount "63"]

1.Nf3 d5 2.g3 Nf6 3.Bg2 Bg4 4.d3 Nbd7 5.Nbd2 e5 6.h3 Bh5 7.O-O Bd6 8.e4 c6 9.Qe2
O-O 10.g4 Bg6 11.Nh4 Nc5 12.Nf5 Ne6 13.Nb3 Re8 14.Re1 Bc7 15.Be3 a5 16.a4 d4
17.Bd2 Nd7 18.h4 f6 19.c3 dxc3 20.bxc3 Ndc5 21.Nxc5 Nxc5 22.Be3 Ne6 23.Rab1 b6
24.d4 exd4 25.cxd4 Kh8 26.Qf3 Rc8 27.Red1 Qd7 28.d5 cxd5 29.exd5 Nc5 30.Bxc5
bxc5 31.d6 Bd8 32.Rb7

[Event "StL-B-West 2002/03"]
[Site "Hohenems"]
[Date "2003.02.01"]
[Round "8"]
[Board "2"]
[White "Bertagnolli, Alexander"]
[Black "Klinger, Josef"]
[Result "0-1"]
[WhiteElo "2294"]
[BlackElo "2440"]
[PlyCount "144"]

1.c4 c5 2.g3 Nf6 3.Bg2 e6 4.Nf3 Be7 5.O-O O-O 6.Nc3 a6 7.b3 d6 8.Bb2 Nbd7 9.d4
cxd4 10.Nxd4 Qc7 11.e3 Ne5 12.Rc1 Bd7 13.f4 Ng6 14.Qd3 Rab8 15.Rfd1 Qa5 16.Ne4
Nxe4 17.Bxe4 Rfc8 18.Bc3 Qc5 19.Nc2 Bc6 20.Bb4 Bxe4 21.Qxe4 Qc7 22.Qd3 d5
23.Bxe7 Nxe7 24.Nd4 Qa5 25.Rc2 Rc5 26.e4 dxc4 27.Rxc4 Rxc4 28.Qxc4 Rd8 29.Kg2
Qxa2+ 30.Kh3 Qa5 31.Rc1 Nc6 32.Nf3 h6 33.Kg2 Qa2+ 34.Rc2 Qb1 35.f5 e5 36.Rf2 Qd3
37.Qa4 Nd4 38.Nxe5 Qxe4+ 39.Nf3 b5 40.Qb4 Rd5 41.f6 gxf6 42.Qc3 Kg7 43.h3 Nxf3
44.Qxf3 Qxf3+ 45.Rxf3 Rd2+ 46.Kf1 Rb2 47.Ke1 a5 48.Kd1 Kg6 49.Kc1 Re2 50.Kd1 Ra2
51.Rf4 Rb2 52.Rf3 f5 53.Rd3 a4 54.bxa4 bxa4 55.Rd6+ Kg5 56.Ra6 Rb4 57.Ke2 f4
58.Ra5+ f5 59.g4 Kh4 60.Kf3 fxg4+ 61.hxg4 Rb3+ 62.Kxf4 Rb4+ 63.Kf3 Rxg4 64.Ra6
h5 65.Kf2 Kh3 66.Ra5 h4 67.Ra8 Rg2+ 68.Kf1 Ra2 69.Kg1 a3 70.Rc8 Ra1+ 71.Kf2 a2
72.Rc3+ Kg4

[Event "StL-B-West 2002/03"]
[Site "Hohenems"]
[Date "2003.02.01"]
[Round "8"]
[Board "3"]
[White "Brumen, Dinko"]
[Black "Astl, Peter"]
[Result "1-0"]
[WhiteElo "2398"]
[BlackElo "2280"]
[PlyCount "51"]

1.d4 d5 2.c4 e6 3.Nc3 f5 4.Nf3 Nf6 5.Bf4 c6 6.e3 Be7 7.Bd3 O-O 8.Qc2 Bd7 9.h3
Ne4 10.g4 Na6 11.a3 Qa5 12.Ke2 b5 13.Ne5 Be8 14.c5 Qd8 15.f3 Nxc3+ 16.bxc3 Qc8
17.h4 Nb8 18.Rag1 h5 19.gxf5 exf5 20.Bh6 Bf6 21.Bxf5 Qa6 22.Be6+ Kh8 23.Ng6+
Bxg6 24.Qxg6 b4+ 25.Kf2 Qb7 26.Bf5

[Event "StL-B-West 2002/03"]
[Site "Hohenems"]
[Date "2003.02.01"]
[Round "8"]
[Board "4"]
[White "Mittelberger, Peter"]
[Black "Krstic, Uros"]
[Result "1/2-1/2"]
[WhiteElo "2259"]
[BlackElo "2420"]
[PlyCount "106"]

1.e4 e5 2.Nf3 Nc6 3.d4 exd4 4.Nxd4 Qf6 5.Nxc6 dxc6 6.Qf3 Bb4+ 7.c3 Bc5 8.Bc4 Qg6
9.Nd2 Nf6 10.Qg3 Ng4 11.Rf1 O-O 12.h3 Nf6 13.Qxg6 hxg6 14.g4 Re8 15.f3 b5 16.Bd3
a6 17.Nb3 Bb6 18.Bg5 Nd5 19.Kd2 Nf6 20.Rae1 c5 21.Bb1 Bb7 22.Kc1 c4 23.Nd4 Nd7
24.b3 c5 25.Nc2 Ne5 26.Na3 Ba5 27.Re3 Rac8 28.Bf4 cxb3 29.axb3 c4 30.Bxe5 Rxe5
31.bxc4 Bb6 32.Re2 Bc5 33.Nc2 Be7 34.Ba2 bxc4 35.Ne3 Ra5 36.Rd1 Bg5 37.Kb1 Rb5+
38.Ka1 Bf6 39.Rc2 g5 40.Nd5 Bxd5 41.Rxd5 Kf8 42.Rd6 Ra5 43.Rd5 Rxd5 44.exd5 Ke7
45.Kb2 Kd6 46.Rd2 Rc5 47.Kc2 a5 48.Rd1 Be5 49.Rb1 Kxd5 50.Rb7 Ke6 51.Rb6+ Kd5
52.Rb7 Bc7 53.Rb1 Be5

[Event "StL-B-West 2002/03"]
[Site "Hohenems"]
[Date "2003.02.01"]
[Round "8"]
[Board "5"]
[White "Ljubic, Juro"]
[Black "Eybl, Alexander"]
[Result "0-1"]
[WhiteElo "2291"]
[BlackElo "2233"]
[PlyCount "88"]

1.e4 g6 2.d4 Bg7 3.Nc3 c6 4.Be3 d5 5.f3 dxe4 6.fxe4 Nf6 7.Be2 O-O 8.e5 Nd5
9.Nxd5 cxd5 10.Nf3 Bg4 11.Qd2 Nc6 12.O-O Rc8 13.Rac1 Qa5 14.Qxa5 Nxa5 15.b3 Rc7
16.h3 Bf5 17.c4 dxc4 18.Bd2 c3 19.Rxc3 Rd7 20.Rc5 Nc6 21.Bc3 Be4 22.Bb5 Bh6
23.Re1 Bd5 24.b4 Rfd8 25.Bxc6 Bxc6 26.e6 fxe6 27.Rxe6 Bd5 28.Re2 b6 29.Rxd5 Rxd5
30.Rxe7 R8d7 31.Re2 Bg7 32.Re8+ Kf7 33.Rc8 Bf6 34.Kf2 Re7 35.a4 Rdd7 36.a5 Rc7
37.Rxc7 Rxc7 38.axb6 axb6 39.Bd2 Ke6 40.Ke3 Kd5 41.Kd3 Ra7 42.Bc3 Ra2 43.Nd2
Bxd4 44.Ne4 Ra3

[Event "StL-B-West 2002/03"]
[Site "Hohenems"]
[Date "2003.02.01"]
[Round "8"]
[Board "6"]
[White "Neuschmied, Siegfried"]
[Black "Schoeppl, Engelbert"]
[Result "1/2-1/2"]
[WhiteElo "2185"]
[BlackElo "2219"]
[PlyCount "67"]

1.e4 c5 2.Nf3 Nc6 3.Bb5 Nf6 4.e5 Nd5 5.O-O g6 6.Bxc6 dxc6 7.d4 cxd4 8.Qxd4 Be6
9.Ng5 Nc7 10.Qb4 Qc8 11.Nc3 Bg7 12.Nxe6 Nxe6 13.f4 Qc7 14.Be3 O-O 15.g4 f5
16.Qc4 Qc8 17.gxf5 Rxf5 18.Ne2 Rf7 19.Ng3 Nc7 20.f5 gxf5 21.Rxf5 Qe6 22.Qe4 Rxf5
23.Nxf5 Nd5 24.Nxg7 Kxg7 25.Bd4 Qg6+ 26.Qxg6+ Kxg6 27.Rf1 Nc7 28.Bc5 Re8 29.Rd1
Ne6 30.Be3 Rd8 31.Rxd8 Nxd8 32.Bxa7 Kf5 33.Kf2 Kxe5 34.Ke3

[Event "StL-B-West 2002/03"]
[Site "Hohenems"]
[Date "2003.02.01"]
[Round "8"]
[Board "2"]
[White "Weindl, Alfred"]
[Black "Schmidt, Georg"]
[Result "0-1"]
[WhiteElo "2371"]
[BlackElo "2246"]
[PlyCount "116"]

1.d4 g6 2.e4 d6 3.Nc3 c6 4.a4 Bg7 5.g3 Nf6 6.Bg2 O-O 7.Nge2 e5 8.O-O Be6 9.b3 d5
10.Ba3 Re8 11.dxe5 Nxe4 12.Nxe4 dxe4 13.Qxd8 Rxd8 14.Nf4 Nd7 15.Nxe6 fxe6
16.Bxe4 Nxe5 17.Rae1 Kf7 18.Re2 Ng4 19.h3 Nf6 20.Bd3 Rd7 21.Rfe1 Re8 22.f4 Rdd8
23.Bc5 b6 24.Bf2 Nd5 25.Bc4 Bc3 26.Rf1 Nf6 27.g4 Rd2 28.Rxd2 Bxd2 29.f5 gxf5
30.gxf5 Nd5 31.fxe6+ Kxe6 32.Bd4 Kd6 33.Rf7 h6 34.Bf2 Be3 35.Kf1 Bxf2 36.Kxf2 a5
37.Rh7 Re6 38.Kg3 Rg6+ 39.Kf3 Rf6+ 40.Ke4 Rf4+ 41.Kd3 Rh4 42.Bxd5 Kxd5 43.Rd7+
Kc5 44.Kc3 Rxh3+ 45.Kb2 Rg3 46.Rh7 Rg6 47.Rb7 h5 48.Rh7 Rg5 49.Rh6 Rf5 50.Ka2 b5
51.axb5 cxb5 52.Ra6 Kd4 53.Rxa5 h4 54.Ra8 Rh5 55.Rd8+ Kc3 56.Rc8+ Kd2 57.c4 h3
58.Rd8+ Kc2

[Event "StL-B-West 2002/03"]
[Site "Hohenems"]
[Date "2003.02.01"]
[Round "8"]
[Board "3"]
[White "Kunze, Holger"]
[Black "Poettinger, Harald"]
[Result "1/2-1/2"]
[WhiteElo "2247"]
[BlackElo "2222"]
[PlyCount "85"]

1.e4 e5 2.Nf3 d6 3.d4 exd4 4.Nxd4 Nf6 5.Nc3 Be7 6.Be2 O-O 7.O-O c5 8.Nf3 Nc6
9.h3 h6 10.Bc4 a6 11.a4 Nb4 12.Bf4 Be6 13.Bxe6 fxe6 14.e5 dxe5 15.Nxe5 Qxd1
16.Raxd1 Rfd8 17.Ng6 Kf7 18.Nxe7 Kxe7 19.Be3 Rac8 20.Rxd8 Kxd8 21.Rd1+ Ke7
22.Rd2 Nbd5 23.Nxd5+ exd5 24.f3 Kd6 25.c3 Re8 26.Kf2 Kc6 27.g4 Nd7 28.f4 Re4
29.b3 Re7 30.Kf3 Nf6 31.Re2 g6 32.f5 gxf5 33.gxf5 Ne4 34.Rg2 Rf7 35.Rg6+ Kd7
36.Kf4 Nd6 37.Bxc5 Rxf5+ 38.Ke3 Ne4 39.Kd4 Rh5 40.Rg7+ Kc6 41.Rg6+ Kd7 42.Rg7+
Kc6 43.Rg6+

[Event "StL-B-West 2002/03"]
[Site "Hohenems"]
[Date "2003.02.01"]
[Round "8"]
[Board "4"]
[White "Bezler, Rainer"]
[Black "Opl, Klaus"]
[Result "1/2-1/2"]
[WhiteElo "2253"]
[BlackElo "2279"]
[PlyCount "34"]

1.e4 Nf6 2.e5 Nd5 3.d4 d6 4.Nf3 g6 5.Bd3 Bg7 6.O-O O-O 7.Re1 Nc6 8.exd6 cxd6
9.c3 e5 10.dxe5 dxe5 11.Bb5 Re8 12.Nbd2 a6 13.Bf1 h6 14.Nb3 b6 15.Bc4 Be6 16.a4
f5 17.Qe2 Qc8

[Event "StL-B-West 2002/03"]
[Site "Hohenems"]
[Date "2003.02.01"]
[Round "8"]
[Board "5"]
[White "Enigl, Karl"]
[Black "Gattenloehner, Sebastian"]
[Result "1/2-1/2"]
[WhiteElo "2187"]
[BlackElo "2216"]
[PlyCount "51"]

1.Nf3 d5 2.g3 Nf6 3.Bg2 Bg4 4.c4 c6 5.cxd5 cxd5 6.Qb3 Bxf3 7.Bxf3 Qd7 8.Nc3 e6
9.d4 Nc6 10.e3 Be7 11.O-O O-O 12.Rd1 Rfd8 13.Bd2 Rac8 14.Be2 Na5 15.Qb5 Nc4
16.Qxd7 Rxd7 17.Bxc4 Rxc4 18.f3 a6 19.Kf1 b5 20.Rdc1 Rdc7 21.Ke1 Nd7 22.Kd1 Nb6
23.b3 R4c6 24.Ne2 b4 25.Rxc6 Rxc6 26.Rc1

[Event "StL-B-West 2002/03"]
[Site "Hohenems"]
[Date "2003.02.01"]
[Round "8"]
[Board "6"]
[White "Heilinger, Dietmar"]
[Black "Hamberger, Hermann"]
[Result "1/2-1/2"]
[WhiteElo "2178"]
[BlackElo "2135"]
[PlyCount "23"]

1.c4 e5 2.g3 Nc6 3.Bg2 f5 4.d3 Nf6 5.Nf3 d6 6.O-O g6 7.Nc3 Bg7 8.e4 O-O 9.h3 h6
10.Nh4 Kh7 11.exf5 gxf5 12.f4

[Event "StL-B-West 2002/03"]
[Site "Hohenems"]
[Date "2003.02.01"]
[Round "8"]
[Board "2"]
[White "Klundt, Klaus"]
[Black "Heinzel, Olaf"]
[Result "1-0"]
[WhiteElo "2385"]
[BlackElo "2371"]
[PlyCount "73"]

1.e4 c5 2.Nf3 Nc6 3.d4 cxd4 4.Nxd4 e5 5.Nb5 Nf6 6.N1c3 d6 7.Bg5 a6 8.Na3 b5
9.Bxf6 gxf6 10.Nd5 Bg7 11.Bd3 Ne7 12.Nxe7 Qxe7 13.O-O O-O 14.Qf3 f5 15.c4 bxc4
16.Nxc4 Rb8 17.exf5 Bb7 18.Be4 d5 19.Bxd5 e4 20.f6 Bxf6 21.Qg4+ Kh8 22.Bxb7 Rxb7
23.Rae1 Bxb2 24.Rxe4 Qc5 25.Nxb2 Rxb2 26.Qf4 f5 27.Rc4 Qb6 28.a4 Qf6 29.Rfc1 Re8
30.Rc8 Rbe2 31.h3 Re1+ 32.Kh2 Rxc8 33.Rxc8+ Kg7 34.Rc7+ Kg6 35.Qg3+ Kh6 36.f4
Re4 37.Rc6

[Event "StL-B-West 2002/03"]
[Site "Hohenems"]
[Date "2003.02.01"]
[Round "8"]
[Board "3"]
[White "Duer, Werner"]
[Black "Hager, Franz"]
[Result "1/2-1/2"]
[WhiteElo "2285"]
[BlackElo "2265"]
[PlyCount "80"]

1.Nf3 f5 2.g3 Nf6 3.Bg2 c6 4.O-O Qc7 5.d4 d6 6.b3 g6 7.Bb2 Bg7 8.Nbd2 O-O 9.c4
e6 10.Qc2 d5 11.Ne5 Nbd7 12.Nd3 g5 13.e3 Ne4 14.Rfc1 a5 15.a4 Ndf6 16.Nf3 g4
17.Nfe5 Ng5 18.Ba3 Re8 19.Nf4 Qd8 20.h4 Nf7 21.Ned3 Ne4 22.Rd1 Kh8 23.Rac1 Rg8
24.Nc5 Qe8 25.Ncd3 Bf6 26.Bb2 Nh6 27.Ne5 Bd7 28.Qe2 Qd8 29.Bxe4 fxe4 30.Kg2 Qe7
31.Rh1 Be8 32.Ra1 Bf7 33.Qc2 Nf5 34.Ba3 Qe8 35.Qe2 h5 36.Bb2 Kh7 37.Rac1 Kh6
38.Bc3 Rg7 39.c5 Bg8 40.Qe1 Qd8